Interwały - Statystyki

Ogólne statystyki
  • Ten quiz został rozwiązany 9 razy
    6 od ostatniego zresetowania
  • Średni wynik to 10 z 13
Statystyki odpowiedzi
Odległość w półtonach Interwały % Poprawnych
0 pryma
100%
5 kwarta czysta
75%
7 kwinta czysta
75%
12 oktawa
75%
8 seksta mała
75%
9 seksta wielka
75%
1 sekunda mała
75%
2 sekunda wielka
75%
10 septyma mała
75%
11 septyma wielka
75%
3 tercja mała
75%
4 tercja wielka
75%
6 tryton
50%
Nie znaleziono quizów pasujących do podanych kryteriów
Rozkład punktacji
Procent ludzi z każdym wynikiem
Percentyl według liczby udzielonych odpowiedzi
Twoja historia wyników
Nie rozwiązałeś tego quizu od ostatniego zresetowania